| 000 | 00780nam a22002537a 4500 | ||
|---|---|---|---|
| 003 | dpl | ||
| 005 | 20180823132106.0 | ||
| 008 | 180823b xxu||||| |||| 00| 0 eng d | ||
| 010 | _aB-058906 | ||
| 020 |
_c550.00 _a8170003075 |
||
| 035 | _aB-058906, B-058910 | ||
| 037 | _bCen Lib/Ret | ||
| 040 |
_aDPL _bEN _c0 |
||
| 082 |
_a020 _bNEW |
||
| 245 |
_aNew challenges in librarianship / _cedited by G. Devarjan |
||
| 260 |
_aDelhi _b Ess Ess Publications _c2001 |
||
| 270 |
_a4837/24, Ansari Road, Darya Ganj _bNew Delhi _e110007 |
||
| 300 |
_a199p. _c22cm(Hb) |
||
| 500 | _aInduces index | ||
| 650 |
_aLibrary Science _9105430 |
||
| 650 |
_aDigital information Science-Library Science _92000 |
||
| 700 |
_aDevarjan, G. _92003 |
||
| 942 |
_2ddc _cEN _h020 _mNEW |
||
| 999 |
_c122736 _d122736 |
||